| 000 | 01908nam a2200373 c 4500 | ||
|---|---|---|---|
| 001 | 59416 | ||
| 003 | CO-BoRNBP | ||
| 005 | 20251008222814.0 | ||
| 007 | ta | ||
| 008 | 250130s2024 ck a|||br||| 000 0fsspa d | ||
| 020 | _a9786287589544 | ||
| 040 |
_aCO-BoRNBP _bspa _erda _cCO-BoRNBP |
||
| 041 | 0 | _aspa | |
| 043 | _anccr--- | ||
| 084 | _aN | ||
| 100 |
_aCordero, Gabriela _eaut _965523 |
||
| 245 | 1 | 3 |
_aLa niña más veloz que el viento : _bla historia de Tatiana Calderón / _cGabriela Cordero ; ilustraciones de Luisa Martínez. |
| 250 | _aEdición especial | ||
| 264 | 1 |
_aBogotá, Colombia : _bRey Naranjo, _c2024 |
|
| 300 |
_a59 páginas, 20 páginas sin numerar : _bilustraciones a color |
||
| 336 |
_atexto _btxt _2rdacontenido |
||
| 337 |
_asin mediación _bn _2rdamedio |
||
| 338 |
_avolumen _bnc _2rdasoporte |
||
| 520 | _aA Tatiana le apasiona el automovilismo, pero hay una voz en el viento que le dice que no tiene talento y que por ser una niña nunca podrá ganar. La voz se hace cada vez más fuerte, pero con la ayuda de su hermana Paula, su familia y sus amigos logrará vencerla y demostrar que el género no dene tus capacidades. Tatiana superó los prejuicios y el miedo y pasó de campeona nacional de karts en Colombia a ser la única mujer en competir en la Fórmula 2 y la primera latinoamericana en conducir un Fórmula 1. | ||
| 521 | _aRecomendado para un público infantil a partir de los 10 años | ||
| 600 | 0 |
_aCalderón Noguera, Tatiana _d1993- _xBiografías _965524 |
|
| 650 | 0 | 7 |
_aDiscriminación sexual en la literatura _2lemb _965525 |
| 650 | 0 | 7 |
_aKarting en la literatura _2lemb _965526 |
| 650 | 0 | 4 |
_aLiteratura infantil castarricense _ySiglo XXI _2LEMB _965527 |
| 650 | 0 | 7 |
_aMujeres deportistas en la literatura _2lemb _965528 |
| 650 | 0 | 4 |
_aNovela infantil castarricense _ySiglo XXI _2LEMB _965529 |
| 700 | 1 |
_aMartín, Luis, _d1823-1894 _eill _965530 |
|
| 942 |
_2loc _cBKLITI |
||
| 999 |
_c59416 _d59416 |
||